[Event "Indywidualne Mistrzostwa Polski Juniorow do lat 16 - Chlopcy"]
[Site "Szklarska Poreba"]
[Date "1899-12-30"]
[Round "5.1"]
[White "Mis, Mieszko"]
[Black "Pniaczek, Marek"]
[Result "1/2-1/2"]
[WhiteTitle "FM"]
[BlackTitle "CM"]
[WhiteElo "2272"]
[BlackElo "2168"]

1. Nf3 Nf6 2. g3 g6 3. Bg2 Bg7 4. O-O O-O 5. d4 d6 6. b3 Nc6 7. Bb2 Bf5 8. Nbd2
Qd7 9. Re1 Bh3 10. e4 Bxg2 11. Kxg2 Nh5 12. Nc4 d5 13. Nce5 Nxe5 14. dxe5 Rad8
15. exd5 Qxd5 16. Qxd5 Rxd5 17. Re4 Bh8 18. Ba3 Re8 19. c4 Rd3 20. Rae1 Kf8 21.
R1e2 Red8 22. Bb4 Ng7 23. e6 f6 24. g4 b6 25. c5 R8d5 26. Rc4 b5 27. Rf4 c6 28.
Ne5 Rxe5 29. Rxe5 g5 30. Rxg5 Nxe6 31. Rgf5 Nxf4+ 32. Rxf4 e5 33. Re4 Kf7 34.
h3 Ke6 35. Re3 Rd1 36. Kf3 Bg7 37. Ke2 Rd5 38. f4 Rd4 39. f5+ Kd5 40. Bc3 Re4
41. Kf3 Rxe3+ 42. Kxe3 Bf8 43. b4 Bh6+ 44. Kd3 Bg5 45. Be1 h6 1/2-1/2

[Event "Indywidualne Mistrzostwa Polski Juniorow do lat 16 - Chlopcy"]
[Site "Szklarska Poreba"]
[Date "1899-12-30"]
[Round "5.2"]
[White "Bachor, Tomasz"]
[Black "Baum, Jonasz"]
[Result "1/2-1/2"]
[WhiteTitle "I+"]
[BlackTitle "FM"]
[WhiteElo "2010"]
[BlackElo "2290"]

1. d4 d5 2. c4 e6 3. Nc3 Nf6 4. cxd5 exd5 5. Bg5 Nbd7 6. e3 c6 7. Bd3 Be7 8. Qc2
Nh5 9. Bxe7 Qxe7 10. Nge2 g6 11. O-O-O Nb6 12. Kb1 Bd7 13. Rc1 Ng7 14. Ng3 h5
15. h4 Ne6 16. Qb3 Qd6 17. a4 O-O 18. a5 Nc8 19. Nge2 b6 20. g4 hxg4 21. h5 Ne7
22. Qc2 f5 23. hxg6 Ng5 24. Nf4 Kg7 25. Rh5 Ne4 26. Rh7+ Kg8 27. Bxe4 fxe4 28.
Rch1 Bf5 29. Rh8+ Kg7 30. R1h7+ Kf6 31. g7 Rg8 32. Rh6+ Ng6 33. Nxg6 Bxg6 34.
Qd1 Qd7 35. Qh1 Qf5 36. Qh4+ Kf7 37. Qg3 Rac8 38. Qd6 Rxg7 39. Rxc8 Qxc8 40. Ne2
Qe6 41. Qc7+ Kg8 42. Qb8+ Qe8 43. Qd6 Bh7 44. axb6 axb6 45. Qxc6 Qxc6 46. Rxc6
Rf7 47. Rd6 Rxf2 48. Nf4 Rf3 49. Rxd5 g3 50. Rg5+ Kf7 51. Nh5 Bg6 52. Nf4 Bh7
53. Nh5 Rxe3 54. Rg7+ Kf8 55. Rxg3 Re1+ 56. Ka2 Rd1 57. Nf6 Bf5 58. Rg5 Be6+ 59.
d5 Bf7 60. Re5 Kg7 61. Ne8+ Kg6 62. Nc7 Rd4 1/2-1/2

[Event "Indywidualne Mistrzostwa Polski Juniorow do lat 16 - Chlopcy"]
[Site "Szklarska Poreba"]
[Date "1899-12-30"]
[Round "5.3"]
[White "Teclaf, Pawel"]
[Black "Suder, Jakub"]
[Result "1/2-1/2"]
[WhiteTitle "CM"]
[BlackTitle "I++"]
[WhiteElo "2460"]
[BlackElo "1868"]

1. e4 c5 2. Nf3 Nc6 3. d4 cxd4 4. Nxd4 Qb6 5. Nb3 e6 6. Nc3 Nf6 7. Qe2 Bb4 8. Bd2
O-O 9. a3 Be7 10. O-O-O d5 11. exd5 Nxd5 12. g3 Nxc3 13. Bxc3 e5 14. Bg2 Be6 15.
Bd5 Bxd5 16. Rxd5 Rfd8 17. Rxd8+ Rxd8 18. Bxe5 Nxe5 19. Qxe5 Rc8 20. Qf5 Rc6 21.
Kb1 g6 22. Qe5 Bf6 23. Qf4 Kg7 24. Rd1 Qa6 25. Qf3 Rb6 26. Qd3 Qa4 27. Re1 Qg4
28. f4 Qh3 29. Qd2 h5 30. Nd4 h4 31. Qf2 Qg4 32. c3 Rd6 33. Nf3 hxg3 34. hxg3
Rd3 35. Ne5 Bxe5 36. fxe5 Qf5 37. Qxf5 gxf5 1/2-1/2

[Event "Indywidualne Mistrzostwa Polski Juniorow do lat 16 - Chlopcy"]
[Site "Szklarska Poreba"]
[Date "1899-12-30"]
[Round "5.4"]
[White "Dalkowski, Rafal"]
[Black "Czopor, Maciej"]
[Result "0-1"]
[WhiteTitle "II"]
[BlackTitle "k"]
[WhiteElo "1607"]
[BlackElo "2229"]

1. d4 Nf6 2. c4 b6 3. Nf3 Bb7 4. g3 c5 5. e3 cxd4 6. exd4 e6 7. Bg2 Bb4+ 8. Bd2
Bxd2+ 9. Qxd2 O-O 10. O-O d5 11. cxd5 Nxd5 12. Nc3 Nd7 13. Nxd5 Bxd5 14. Ne1 Nf6
15. Bxd5 Qxd5 16. Qe3 Rfd8 17. Nf3 Rac8 18. Kg2 Rc2 19. b4 Rxa2 20. Rxa2 Qxa2
21. Qc3 Nd5 22. Qc6 Ne3+ 0-1

[Event "Indywidualne Mistrzostwa Polski Juniorow do lat 16 - Chlopcy"]
[Site "Szklarska Poreba"]
[Date "1899-12-30"]
[Round "5.5"]
[White "Niedbala, Bartlomiej"]
[Black "Szczurek, Krzysztof"]
[Result "1-0"]
[WhiteTitle "I++"]
[BlackTitle "FM"]
[WhiteElo "2087"]
[BlackElo "2164"]

1. e4 b6 2. d4 Bb7 3. Bd3 e6 4. Nf3 d5 5. Qe2 Nf6 6. e5 Ne4 7. Nbd2 Nxd2 8. Bxd2
c5 9. c3 Nc6 10. O-O Be7 11. Qe3 h6 12. h3 Qd7 13. Nh2 a6 14. Kh1 g5 15. f4 cxd4
16. cxd4 gxf4 17. Qf2 O-O-O 18. Ng4 h5 19. Nf6 Bxf6 20. exf6 f3 21. Qxf3 Kb8 22.
Bf4+ Ka7 23. Qf2 Rc8 24. Rac1 Nb4 25. Bb1 Qb5 26. Qe3 Nc6 27. b3 Qb4 28. Rfd1
Rhg8 29. Qd2 Qa3 30. Rc3 Qb4 31. Rd3 Qa3 32. Rg3 Rxg3 33. Bxg3 Rg8 34. Bf4 a5
35. Rc1 Qf8 36. Bd3 Qd8 37. Bb5 Nb8 38. Be5 Nd7 39. Bc7 Qe8 40. Qf4 e5 41. Qf5
Bc8 42. dxe5 d4 43. Bd6 Nc5 44. Bxe8 Bxf5 45. Bxf7 Rg5 46. Bxc5 bxc5 47. Bd5 Bd3
48. f7 Rf5 49. e6 1-0

[Event "Indywidualne Mistrzostwa Polski Juniorow do lat 16 - Chlopcy"]
[Site "Szklarska Poreba"]
[Date "1899-12-30"]
[Round "5.6"]
[White "Panek, Bartosz"]
[Black "Sanz Wawer, Daniel"]
[Result "1/2-1/2"]
[WhiteTitle "I"]
[BlackTitle "k"]
[WhiteElo "1946"]
[BlackElo "2146"]

1. d4 Nf6 2. c4 e6 3. Nc3 Bb4 4. Qc2 O-O 5. Nf3 b6 6. Bg5 Bb7 7. g3 h6 8. Be3 d6
9. Bg2 Bxc3+ 10. Qxc3 Nbd7 11. O-O c5 12. dxc5 bxc5 13. b4 Ne4 14. Qa3 cxb4 15.
Qxb4 Ndc5 16. Nd2 Nxd2 17. Qxd2 Bxg2 18. Kxg2 Qc7 19. Rfd1 Rfd8 20. Rab1 Rac8
21. Qd4 Na4 22. Rdc1 Nb6 23. Qg4 Kh7 24. c5 dxc5 25. Rxc5 Qb7+ 26. Qf3 Qxf3+ 27.
Kxf3 Rxc5 28. Bxc5 Rd2 29. Bxb6 axb6 30. Rxb6 Rxa2 31. Rb5 Ra6 1/2-1/2

[Event "Indywidualne Mistrzostwa Polski Juniorow do lat 16 - Chlopcy"]
[Site "Szklarska Poreba"]
[Date "1899-12-30"]
[Round "5.7"]
[White "Lichorad, Mateusz"]
[Black "Fiedorek, Michal"]
[Result "1/2-1/2"]
[WhiteTitle "I"]
[BlackTitle "k"]
[WhiteElo "1752"]
[BlackElo "2049"]

1. d4 Nf6 2. c4 g6 3. Nc3 Bg7 4. e4 d6 5. f3 O-O 6. Be3 a6 7. Qd2 Nbd7 8. Bd3 c5
9. Nge2 cxd4 10. Nxd4 Ne5 11. O-O Nxd3 12. Qxd3 Nd7 13. Rac1 Ne5 14. Qe2 Bd7 15.
Rfd1 Rc8 16. b3 e6 17. Qd2 f5 18. Kh1 Nf7 19. Nde2 Bc6 20. Nd4 Bd7 21. Nde2 Bc6
22. Nd4 Qf6 23. Nxc6 bxc6 24. Rf1 g5 25. exf5 exf5 26. Ne2 Rfe8 27. Rfe1 f4 28.
Bf2 Rcd8 29. Rcd1 Ne5 30. Bd4 Qg6 31. Nc3 c5 32. Bxe5 Bxe5 33. Ne4 Kg7 34. Qd5
h6 35. Qb7+ Qf7 36. Qxf7+ Kxf7 37. g3 fxg3 38. hxg3 Bd4 39. Kg2 Kg6 40. Nf2 Kf7
41. Re4 a5 42. Rh1 Kg6 43. Rhe1 Rxe4 44. Rxe4 Kf7 45. Ng4 h5 46. Ne3 1/2-1/2

[Event "Indywidualne Mistrzostwa Polski Juniorow do lat 16 - Chlopcy"]
[Site "Szklarska Poreba"]
[Date "1899-12-30"]
[Round "5.8"]
[White "Kulesza, Andrzej"]
[Black "Gorkiewicz, Mateusz"]
[Result "1/2-1/2"]
[WhiteTitle "I+"]
[BlackTitle "I"]
[WhiteElo "1913"]
[BlackElo "1990"]

1. e4 e5 2. Nf3 Nc6 3. Bc4 Nf6 4. d3 Bc5 5. c3 a6 6. Bb3 Ba7 7. O-O O-O 8. Nbd2
d6 9. Re1 h6 10. Nf1 Ne7 11. Ng3 Ng6 12. h3 Re8 13. Be3 c6 14. Bxa7 Rxa7 15. d4
Qc7 16. Qd2 Ra8 17. dxe5 dxe5 18. Rad1 Be6 19. Bxe6 fxe6 20. Qc2 Rad8 21. Qb3
Nf4 22. Qc2 c5 23. Ne2 N6h5 24. Rxd8 Rxd8 25. Rd1 Rxd1+ 26. Qxd1 b5 27. Kh2 c4
28. Nc1 Qc5 29. Qc2 Nf6 30. Ne1 Qc6 31. f3 Qd6 32. g3 Ng6 33. a3 Nd7 34. Qe2 Nc5
35. Nc2 Nf8 36. Ne3 Nfd7 37. Qd1 Qb6 38. Qd2 Nf8 39. Kg2 Na4 40. Nd1 Qc7 41. Ne2
Nd7 42. h4 Ndc5 43. Nc1 Kh7 44. Kf1 a5 45. Kg2 Qe7 46. Kf1 Na6 47. Na2 N4c5 48.
Nc1 Qf8 49. Kg2 Qb8 50. Ne3 Kg8 51. Kf2 Kf7 52. Kg2 Ke7 53. Kf2 Qb6 54. Kg2 Na4
55. Nd1 Qc5 56. Na2 Qa7 57. Nc1 Qb6 58. Na2 N4c5 59. Nc1 Na4 60. Na2 Qd6 61. Qxd6+
Kxd6 62. Kf2 Kc5 63. Ke3 b4 64. axb4+ axb4 65. Kd2 bxc3+ 66. bxc3 Nc7 1/2-1/2

[Event "Indywidualne Mistrzostwa Polski Juniorow do lat 16 - Chlopcy"]
[Site "Szklarska Poreba"]
[Date "1899-12-30"]
[Round "5.9"]
[White "Skurniak, Szymon"]
[Black "Kozlowski, Michal"]
[Result "1-0"]
[WhiteTitle "I"]
[BlackTitle "I+"]
[WhiteElo "1970"]
[BlackElo "1826"]

1. e4 c5 2. b3 Nf6 3. e5 Nd5 4. Bb2 d6 5. Nf3 Nc7 6. exd6 exd6 7. d4 cxd4 8. Nxd4
Be7 9. g3 O-O 10. Bg2 d5 11. O-O Nc6 12. Nd2 Bf6 13. Nxc6 bxc6 14. Bxf6 Qxf6 15.
c4 Be6 16. Rc1 Rad8 17. Qf3 Qg5 18. Qc3 dxc4 19. Nxc4 Bd5 20. f4 Qh5 21. Qe5 Qxe5
22. Nxe5 Bxg2 23. Kxg2 Nd5 24. Rf2 f6 25. Nxc6 Rd7 26. Re2 h5 27. Rc5 Kh7 28.
Kf3 Rc8 29. Rd2 Kh6 30. b4 Rcc7 31. a3 Nb6 32. Rxd7 Nxd7 33. Rc2 Nb6 34. Nd4 Rd7
35. Nf5+ Kg6 36. Ke4 Nd5 37. Rc5 Nb6 38. Nh4+ Kh6 39. Nf5+ Kg6 40. Nd4 Re7+ 41.
Kd3 Rd7 42. Rc6 Na4 43. Ke4 Nb6 44. Ne6 f5+ 45. Kf3 Kf7 46. Nc5 Re7 47. Nd3 Nd7
48. a4 Nf6 49. Ne5+ Kg8 50. b5 Ne4 51. Rc8+ Kh7 52. Rh8+ Kxh8 53. Ng6+ Kh7 54.
Nxe7 Nc3 55. Nxf5 Nxa4 56. Nd4 Nc3 57. Ke3 h4 58. g4 g5 59. Kd3 Nd5 60. f5 a6
61. bxa6 Nb4+ 62. Kc4 Nxa6 63. Ne6 Kh6 64. Kb5 Nb8 65. Nc5 1-0

[Event "Indywidualne Mistrzostwa Polski Juniorow do lat 16 - Chlopcy"]
[Site "Szklarska Poreba"]
[Date "1899-12-30"]
[Round "5.10"]
[White "Redzisz, Michal"]
[Black "Mike, Patryk"]
[Result "1-0"]
[WhiteTitle "k"]
[BlackTitle "I+"]
[WhiteElo "2117"]
[BlackElo "1942"]

1. d4 Nf6 2. c4 e6 3. Nc3 Bb4 4. Qc2 b6 5. e4 Bb7 6. Bd3 Bxc3+ 7. bxc3 d6 8. Ne2
e5 9. O-O Nbd7 10. f4 Qe7 11. Ng3 O-O-O 12. a4 a5 13. fxe5 dxe5 14. Ba3 Qe8 15.
d5 Nc5 16. Bxc5 bxc5 17. Qf2 Nd7 18. Rab1 Ba6 19. Rb3 g6 20. Rfb1 Qe7 21. Nf5
Qf6 22. Ne3 Qxf2+ 23. Kxf2 Nb6 24. Rxb6 cxb6 25. Rxb6 Bb7 26. Rb5 Ba6 27. Rxc5+
Kb7 28. Rc6 h5 29. Rf6 Rhf8 30. Ke2 Rc8 31. Rxa6 Kxa6 32. c5+ Ka7 33. c6 Rb8 34.
Nc4 f5 35. Nxe5 fxe4 36. Bb5 Rbd8 37. c4 Kb6 38. Nd7+ Rxd7 39. cxd7 Kc7 40. Ke3
Rf5 41. Kxe4 Kd8 42. c5 1-0

[Event "Indywidualne Mistrzostwa Polski Juniorow do lat 16 - Chlopcy"]
[Site "Szklarska Poreba"]
[Date "1899-12-30"]
[Round "5.11"]
[White "Warchol, Bartosz"]
[Black "Maciejewski, Kamil"]
[Result "1-0"]
[WhiteTitle "I++"]
[BlackTitle "I"]
[WhiteElo "2033"]
[BlackElo "1930"]

1. d4 Nf6 2. c4 e6 3. Nf3 b6 4. a3 Bb7 5. Nc3 d5 6. Qc2 Nbd7 7. Bf4 Rc8 8. e3 Be7
9. h3 O-O 10. cxd5 Nxd5 11. Nxd5 exd5 12. Bd3 g6 13. O-O c5 14. dxc5 bxc5 15.
Rfd1 Qb6 16. Rac1 c4 17. Be2 Nc5 18. Nd4 Bf6 19. Bg4 Rcd8 20. Bf3 Nd3 21. Rxd3
cxd3 22. Qxd3 Rc8 23. Rxc8 Rxc8 24. b4 Qa6 25. Qxa6 Bxa6 26. Bxd5 Bxd4 27. exd4
Rd8 28. Bc6 Rxd4 29. Be3 Rd3 30. a4 Bc8 31. Bxa7 Ra3 32. Bb6 Ra1+ 33. Kh2 Rb1
34. b5 Ra1 35. a5 f5 36. a6 Bxa6 37. bxa6 Rxa6 38. Bd5+ Kf8 39. Be3 Kg7 40. Bd4+
Kf8 41. f4 Ra5 42. Bf3 Ra2 43. Be5 Rd2 44. Kg3 Kf7 45. Kh4 h6 46. g4 fxg4 47.
hxg4 Rh2+ 48. Kg3 Rd2 49. f5 Rd3 50. Kf4 Rd2 51. Ke3 Rd8 52. Be4 gxf5 53. gxf5
Rd1 54. Bc3 Rf1 55. Bd5+ Ke7 56. Ke4 h5 57. Ke5 h4 58. f6+ Ke8 59. Ke6 h3 60.
Bb4 h2 61. f7+ Rxf7 62. Bc6+ Kd8 63. Kxf7 Kc7 64. Bh1 Kb6 65. Bd6 Kb5 66. Bxh2
Kc5 67. Ke6 Kd4 68. Bg1+ Kc4 69. Bd5+ Kc3 70. Ke5 Kd3 71. Bd4 Ke2 72. Be4 Kd2
73. Kf4 Kd1 74. Ke3 Ke1 75. Bc2 Kf1 76. Kf3 Ke1 77. Bc3+ Kf1 78. Bd3+ Kg1 79.
Kg3 Kh1 80. Bb4 Kg1 81. Bc5+ Kh1 82. Be4# 1-0

[Event "Indywidualne Mistrzostwa Polski Juniorow do lat 16 - Chlopcy"]
[Site "Szklarska Poreba"]
[Date "1899-12-30"]
[Round "5.12"]
[White "Koziorowicz, Michal"]
[Black "Strzelecki, Maciej"]
[Result "1-0"]
[WhiteTitle "I++"]
[BlackTitle "k"]
[WhiteElo "1919"]
[BlackElo "2032"]

1. e4 e5 2. Bc4 Nf6 3. d3 c6 4. Nf3 Be7 5. O-O d6 6. Nbd2 O-O 7. h3 Nbd7 8. Re1
b5 9. Bb3 Nc5 10. d4 Nxb3 11. axb3 Qc7 12. Nf1 c5 13. dxe5 dxe5 14. Bg5 Bb7 15.
Bxf6 Bxf6 16. c4 a6 17. Qc2 g6 18. Ne3 Bg7 19. Nd5 Bxd5 20. cxd5 Qd6 21. Qd3 h6
22. Rec1 f5 23. Nd2 f4 24. Qc3 Rfc8 25. Ra5 Bf8 26. Nf3 Re8 27. Ne1 Rec8 28. Nd3
c4 29. bxc4 Rxc4 30. Qe1 Rac8 31. Rca1 Ra8 32. Rxb5 Rd4 33. Qe2 axb5 34. Rxa8
Qc7 35. Kh2 Kg7 36. Ne1 Qc4 37. Ra7+ Kf6 38. Qg4 Rxe4 39. Qe6+ Kg5 40. Nf3+ 1-0

[Event "Indywidualne Mistrzostwa Polski Juniorow do lat 16 - Chlopcy"]
[Site "Szklarska Poreba"]
[Date "1899-12-30"]
[Round "5.13"]
[White "Oborski, Artur"]
[Black "Trybus, Daniel"]
[Result "0-1"]
[WhiteTitle "I++"]
[BlackTitle "I+"]
[WhiteElo "2023"]
[BlackElo "1914"]

1. d4 Nf6 2. Nf3 g6 3. c4 Bg7 4. Nc3 O-O 5. e4 d6 6. Be2 e5 7. d5 Nfd7 8. O-O a5
9. Ne1 f5 10. Nd3 b6 11. exf5 gxf5 12. f4 e4 13. Nf2 Nf6 14. Be3 Qe8 15. h3 h5
16. g3 Na6 17. Kh2 Nc5 18. Nb5 Qf7 19. Nd4 Bd7 20. b3 Rae8 21. a3 b5 22. Qd2 bxc4
23. bxc4 a4 24. Rab1 Rb8 25. Rb4 Qg6 26. Rfb1 Rbe8 27. Rg1 Re7 28. Rbb1 Rfe8 29.
Bd1 Nd3 30. Bc2 Qh7 31. Bd1 Nxf2 32. Qxf2 Ng4+ 33. Bxg4 hxg4 34. h4 Bf6 35. Nb5
Bc8 36. Rb4 Qh8 37. Kg2 Ba6 38. Rxa4 Bxb5 39. cxb5 Kf7 40. Ra7 Ra8 41. a4 Rxa7
42. Bxa7 e3 43. Bxe3 Qa8 44. Qd2 Qxa4 45. Qd3 Re4 46. Rc1 Qa2+ 47. Rc2 Rxe3 48.
Rxa2 Rxd3 49. Ra7 Rd2+ 50. Kf1 Rxd5 51. b6 Ke6 52. Rxc7 Bd8 0-1

[Event "Indywidualne Mistrzostwa Polski Juniorow do lat 16 - Chlopcy"]
[Site "Szklarska Poreba"]
[Date "1899-12-30"]
[Round "5.14"]
[White "Kopec, Norbert"]
[Black "Piekielny, Pawel"]
[Result "0-1"]
[WhiteTitle "I"]
[BlackTitle "I++"]
[WhiteElo "1826"]
[BlackElo "2017"]

1. e4 e6 2. Nc3 d5 3. Nf3 Nf6 4. e5 Nfd7 5. d4 c5 6. dxc5 Nc6 7. Bf4 Nxc5 8. Bd3
Be7 9. O-O a6 10. Qd2 h6 11. Bg3 Qb6 12. a4 Nxd3 13. Qxd3 Bd7 14. Ne2 Rc8 15.
Nfd4 O-O 16. b3 Rc7 17. Kh1 Rfc8 18. f4 Nb4 19. a5 Qa7 20. Qe3 Bc5 21. Qd2 Bxd4
22. Nxd4 Nxc2 23. Nxc2 Rxc2 24. Qb4 Bb5 25. Rfd1 Qe3 26. f5 Bd3 27. fxe6 fxe6
28. Qxb7 Be4 29. Bf2 Qxf2 0-1

[Event "Indywidualne Mistrzostwa Polski Juniorow do lat 16 - Chlopcy"]
[Site "Szklarska Poreba"]
[Date "1899-12-30"]
[Round "5.15"]
[White "Distel, Pawel"]
[Black "Golecki, Jan"]
[Result "1/2-1/2"]
[WhiteTitle "I"]
[BlackTitle "I++"]
[WhiteElo "1751"]
[BlackElo "1995"]

1. e4 d6 2. d4 Nf6 3. Nc3 Nbd7 4. Be3 e5 5. f3 c6 6. Qd2 b5 7. a3 Bb7 8. g4 h6
9. Nge2 a6 10. O-O-O exd4 11. Nxd4 g6 12. h4 Qc7 13. Bf4 Ne5 14. Be2 Nfd7 15.
Nb3 a5 16. a4 b4 17. Nb1 Nb6 18. Nd4 Nxa4 19. h5 g5 20. Bxe5 dxe5 21. Nf5 Bc5
22. Bc4 Rd8 23. Qxd8+ Qxd8 24. Rxd8+ Kxd8 25. b3 Nb6 26. Bxf7 Bc8 27. Rd1+ Kc7
28. Bg6 Bxf5 29. Bxf5 Bd4 30. Rd3 c5 31. Nd2 Kd6 32. Nc4+ Nxc4 33. bxc4 a4 34.
Kb1 Ra8 35. Bh7 Kc6 36. Bf5 Kb6 37. Bd7 Ka5 38. Ka2 Ra7 39. Be8 Kb6 40. Bb5 Ra5
41. Bd7 Kc7 42. Be8 Kd6 43. Kb1 Ra8 44. Bb5 Rb8 45. Ba6 Kc7 46. Bb5 Rxb5 47. cxb5
Kb6 48. c4 b3 49. Kc1 Kb7 50. Kb1 Kc7 51. Kc1 Kb7 52. Kb1 Kb6 53. Kc1 a3 54. Rxb3
a2 55. Ra3 a1=Q+ 56. Rxa1 Bxa1 57. Kc2 Bd4 58. Kb3 Bf2 59. Ka3 Be1 60. Kb3 Kb7
61. Ka3 Ba5 62. Kb3 Bb4 63. Kb2 Kb6 64. Ka2 Ka5 65. Kb3 Be1 66. Ka3 Bd2 67. Kb3
Bb4 68. Kc2 Kb6 69. Kb3 Be1 70. Ka3 Bd2 71. Kb3 Ka5 72. Kc2 Bb4 73. Kd3 Ka4 74.
Kc2 1/2-1/2

[Event "Indywidualne Mistrzostwa Polski Juniorow do lat 16 - Chlopcy"]
[Site "Szklarska Poreba"]
[Date "1899-12-30"]
[Round "5.16"]
[White "Zabron, Maksym"]
[Black "Ossolinski, Ziemowit"]
[Result "1/2-1/2"]
[WhiteTitle "I"]
[BlackTitle "I+"]
[WhiteElo "1678"]
[BlackElo "1946"]

1. d4 Nf6 2. Bg5 e6 3. e4 h6 4. Bxf6 Qxf6 5. Nf3 d5 6. e5 Qd8 7. c3 c5 8. Bd3 Qb6
9. Qd2 Nc6 10. O-O Bd7 11. Be2 Be7 12. Na3 a6 13. Nc2 Rc8 14. Rab1 cxd4 15. Ncxd4
Nxd4 16. Nxd4 O-O 17. Kh1 Bc5 18. f4 Bxd4 19. cxd4 Bb5 20. Bxb5 Qxb5 21. Rfc1
b6 22. b3 a5 23. a4 Qa6 24. b4 Rc4 25. Rxc4 dxc4 26. b5 Qc8 27. Rc1 Rd8 28. Qc3
Qd7 29. Qxc4 Qxd4 30. h3 Qf2 31. Rf1 Qd4 32. Rc1 Qe3 33. Rc3 Rd1+ 34. Kh2 Qg1+
35. Kg3 Qe1+ 36. Kh2 Qg1+ 37. Kg3 Rf1 38. Rf3 Rc1 39. Qe4 g6 40. Rd3 Kg7 41. Qe3
Qf1 42. Rc3 Rd1 43. Qf2 Qxf2+ 44. Kxf2 Rd4 45. Ke3 1/2-1/2

[Event "Indywidualne Mistrzostwa Polski Juniorow do lat 16 - Chlopcy"]
[Site "Szklarska Poreba"]
[Date "1899-12-30"]
[Round "5.17"]
[White "Golenia, Wojciech"]
[Black "Paprocki, Stanislaw"]
[Result "1-0"]
[WhiteTitle "k"]
[BlackTitle "I"]
[WhiteElo "2179"]
[BlackElo "1824"]

1. b3 e5 2. Bb2 d6 3. e3 Be6 4. d4 Nd7 5. Nf3 e4 6. d5 Bg4 7. h3 Bh5 8. g4 exf3
9. gxh5 Qg5 10. Qxf3 Ngf6 11. Nc3 Ne5 12. Qe2 O-O-O 13. O-O-O Ned7 14. Qb5 Be7
15. Qa5 Nb6 16. Qxa7 Qh4 17. Rh2 Rhe8 18. a4 Qb4 19. Rd4 Qxd4 20. exd4 Nfxd5 21.
Nxd5 Nxd5 22. Qa8+ 1-0

[Event "Indywidualne Mistrzostwa Polski Juniorow do lat 16 - Chlopcy"]
[Site "Szklarska Poreba"]
[Date "1899-12-30"]
[Round "5.18"]
[White "Chaczynski, Kamil"]
[Black "Dixa, Oskar"]
[Result "0-1"]
[WhiteTitle "I"]
[BlackTitle "k"]
[WhiteElo "1773"]
[BlackElo "2101"]

1. e4 c5 2. Nf3 d6 3. Bb5+ Bd7 4. Bxd7+ Qxd7 5. O-O Nc6 6. b3 Nf6 7. Re1 e6 8.
Bb2 Be7 9. d4 cxd4 10. Nxd4 O-O 11. c4 Rfd8 12. Nc3 a6 13. Nxc6 Qxc6 14. Qe2 Nd7
15. f4 Bf6 16. Rac1 Rac8 17. Kh1 Qc7 18. g4 b5 19. g5 Bxc3 20. Rxc3 Qa5 21. Rec1
b4 22. Rh3 d5 23. exd5 exd5 24. Qc2 Nf8 25. c5 d4 26. Qf5 Qb5 27. Rd3 Ne6 28.
Rc4 Rxc5 29. Rxc5 Nxc5 30. Rd1 Qe2 31. Rg1 Ne6 32. Rg2 Qd1+ 33. Rg1 Qf3+ 34. Rg2
Nxf4 0-1

[Event "Indywidualne Mistrzostwa Polski Juniorow do lat 16 - Chlopcy"]
[Site "Szklarska Poreba"]
[Date "1899-12-30"]
[Round "5.19"]
[White "Jankowski, Igor"]
[Black "Kucharski, Bartlomiej"]
[Result "1-0"]
[WhiteTitle "II+"]
[BlackTitle "I+"]
[WhiteElo "1503"]
[BlackElo "1945"]

1. b4 e5 2. Bb2 Bxb4 3. Bxe5 Nf6 4. Nf3 O-O 5. e3 Nc6 6. Bb2 d5 7. Be2 Bf5 8. O-O
h6 9. d3 Qe7 10. a3 Ba5 11. Nbd2 Rfe8 12. c4 Be6 13. Rc1 Rad8 14. Qa4 Bb6 15.
Bxf6 gxf6 16. cxd5 Bxd5 17. Qg4+ Kh8 18. e4 Be6 19. Qh5 Kh7 20. Nh4 Nd4 21. Kh1
Rg8 22. f4 Qxa3 23. Nc4 Bxc4 24. dxc4 Nxe2 25. Qxe2 Qd3 26. Qh5 Qxe4 27. Rce1
Be3 28. Rxe3 Qxe3 29. Nf5 1-0

[Event "Indywidualne Mistrzostwa Polski Juniorow do lat 16 - Chlopcy"]
[Site "Szklarska Poreba"]
[Date "1899-12-30"]
[Round "5.20"]
[White "Cisek, Kamil"]
[Black "Czechowski, Jakub"]
[Result "1/2-1/2"]
[WhiteTitle "I"]
[BlackTitle "I"]
[WhiteElo "1766"]
[BlackElo "1865"]

1. d4 Nf6 2. c4 g6 3. Nf3 Bg7 4. g3 O-O 5. Bg2 d6 6. O-O c5 7. Nc3 cxd4 8. Nxd4
Nbd7 9. h3 a6 10. b3 Rb8 11. Bb2 Nc5 12. Kh2 Ne6 13. Nd5 Nxd4 14. Nxf6+ Bxf6 15.
Bxd4 Bxd4 16. Qxd4 Be6 17. Bd5 Qd7 18. Bxe6 Qxe6 19. e3 Rfc8 20. Qd5 Qxd5 21.
cxd5 Rc5 22. e4 Rbc8 23. Rfe1 Rc2 24. Kg2 Kf8 25. Kf3 Ke8 26. Re2 Rxe2 27. Kxe2
Rc2+ 28. Ke3 h5 29. h4 Kd7 30. b4 Rb2 31. a3 Rc2 32. Rd1 a5 33. bxa5 Rc5 34. Rb1
Kc7 35. Rb3 Rxa5 36. f4 f5 37. Kd3 Ra4 38. exf5 gxf5 39. Ke3 Ra5 40. Kd4 b5 41.
Rc3+ Kd7 42. Rb3 e6 43. dxe6+ Kxe6 44. Re3+ Kd7 45. Rb3 Kc6 46. Rc3+ Kb6 47. Rb3
1/2-1/2

[Event "Indywidualne Mistrzostwa Polski Juniorow do lat 16 - Chlopcy"]
[Site "Szklarska Poreba"]
[Date "1899-12-30"]
[Round "5.21"]
[White "Pelka, Michal"]
[Black "Musial, Tomasz"]
[Result "1/2-1/2"]
[WhiteTitle "I"]
[BlackTitle "k"]
[WhiteElo "1745"]
[BlackElo "1983"]

1. Nf3 Nf6 2. c4 e6 3. a3 d5 4. d4 Be7 5. Nc3 O-O 6. Bf4 b6 7. e3 Bb7 8. Bd3 dxc4
9. Bxc4 c5 10. O-O cxd4 11. exd4 Nd5 12. Bd2 Bf6 13. Ne4 Be7 14. Bd3 Nc6 15. Rc1
Rc8 16. Re1 h6 17. Nc3 Nxc3 18. Bxc3 Bf6 19. Be4 Rc7 20. Qe2 Ne7 21. Bxb7 Rxb7
22. Bb4 Re8 23. Bxe7 Rexe7 24. Ne5 Rec7 25. Rcd1 Qd5 26. Ng4 Qd8 27. Nxf6+ Qxf6
28. d5 exd5 29. Rxd5 Re7 30. Rd8+ Kh7 31. Qc2+ Qg6 32. Qd2 Rxe1+ 33. Qxe1 Qc2
34. h3 Rc7 35. Rd2 Qf5 36. Qe3 Qb1+ 37. Kh2 Rc1 38. Qf3 Rh1+ 1/2-1/2

[Event "Indywidualne Mistrzostwa Polski Juniorow do lat 16 - Chlopcy"]
[Site "Szklarska Poreba"]
[Date "1899-12-30"]
[Round "5.22"]
[White "Derylo, Kamil"]
[Black "Bartoszewski-reiski, Olaf"]
[Result "1/2-1/2"]
[WhiteTitle "I"]
[BlackTitle "I+"]
[WhiteElo "1783"]
[BlackElo "1707"]

1. e4 c5 2. Nf3 Nc6 3. d4 cxd4 4. Nxd4 g6 5. c4 Nf6 6. Nc3 Nxd4 7. Qxd4 d6 8. Be2
Bg7 9. Be3 O-O 10. Qd2 Be6 11. Rc1 Qa5 12. f3 Rfc8 13. b3 a6 14. Na4 Qxd2+ 15.
Kxd2 Nd7 16. g4 Rab8 17. Nc3 Nc5 18. h4 a5 19. h5 Ra8 20. hxg6 hxg6 21. Bd3 a4
22. Bxc5 Bxc3+ 23. Kxc3 dxc5 24. Rh4 axb3 25. axb3 Kg7 26. Rch1 Rh8 27. Rxh8 Rxh8
28. Rxh8 Kxh8 29. b4 b6 30. bxc5 bxc5 31. Be2 Kg7 32. f4 f5 33. gxf5 1/2-1/2

[Event "Indywidualne Mistrzostwa Polski Juniorow do lat 16 - Chlopcy"]
[Site "Szklarska Poreba"]
[Date "1899-12-30"]
[Round "5.23"]
[White "Majdanski, Maksymilian"]
[Black "Kania, Dominik"]
[Result "0-1"]
[WhiteTitle "I"]
[BlackTitle "I"]
[WhiteElo "1686"]
[BlackElo "1759"]

1. d4 d6 2. c4 e5 3. d5 f5 4. Nc3 Nf6 5. Bg5 Be7 6. e3 Nxd5 7. Nxd5 Bxg5 8. Nxc7+
Qxc7 9. Qh5+ Qf7 10. Qxg5 Be6 11. Rd1 O-O 12. b3 Nc6 13. Ne2 Qc7 14. Nc1 Qa5+
15. Rd2 Rad8 16. Qh5 d5 17. Qd1 dxc4 18. Bxc4 Bxc4 19. bxc4 Qb4 20. c5 Kh8 21.
Nb3 a5 22. Na1 Rd7 23. Nc2 Qc3 24. Ke2 Qc4+ 25. Ke1 Rxd2 26. Qxd2 Rd8 27. Qc1
Nb4 0-1

[Event "Indywidualne Mistrzostwa Polski Juniorow do lat 16 - Chlopcy"]
[Site "Szklarska Poreba"]
[Date "1899-12-30"]
[Round "5.24"]
[White "Bujalski, Mateusz"]
[Black "Bojczewski, Mateusz"]
[Result "1-0"]
[WhiteTitle "I"]
[BlackTitle "I+"]
[WhiteElo "1658"]
[BlackElo "1751"]

1. e4 c6 2. d4 d5 3. e5 Bf5 4. c4 dxc4 5. Bxc4 e6 6. Nc3 h6 7. Nge2 Ne7 8. Ng3
Bg6 9. h4 Nd7 10. Nge4 Nd5 11. Qf3 Bb4 12. Bd2 Qb6 13. Qd3 Rd8 14. f4 c5 15. Bxd5
Bxc3 16. Qxc3 cxd4 17. Qb4 Qxb4 18. Bxb4 exd5 19. Nd6+ Ke7 20. Nf5+ Ke6 21. Nxg7#
1-0

[Event "Indywidualne Mistrzostwa Polski Juniorow do lat 16 - Chlopcy"]
[Site "Szklarska Poreba"]
[Date "1899-12-30"]
[Round "5.25"]
[White "Gardian, Adam"]
[Black "Jedrusik, Adam"]
[Result "1/2-1/2"]
[WhiteTitle "I"]
[BlackTitle "I"]
[WhiteElo "1612"]
[BlackElo "1693"]

1. e4 c6 2. Nc3 d5 3. Qf3 Nf6 4. e5 Nfd7 5. d4 e6 6. Qg3 c5 7. dxc5 Nc6 8. Nf3
Nxc5 9. Be3 Ne4 10. Nxe4 dxe4 11. Nd4 Qa5+ 12. c3 Qxe5 13. Bf4 Qa5 14. Nb5 f6
15. Nc7+ Kf7 16. Nxa8 e5 17. Bc4+ Be6 18. Bxe6+ Kxe6 19. Qh3+ f5 20. Be3 Be7 21.
g4 Rxa8 22. gxf5+ Kf7 23. Qxh7 Nd4 24. Qh5+ Kg8 25. f6 Nf3+ 26. Kf1 Bxf6 27. h4
Qb5+ 28. Kg2 Qe2 29. Qf5 Nxh4+ 30. Rxh4 Bxh4 31. Rh1 Qf3+ 32. Qxf3 1/2-1/2